| 000 | 02518nam2a2200301 4500 | ||
|---|---|---|---|
| 001 | RU\NLR\BIBL_A\011966795 | ||
| 005 | 20190411132203.0 | ||
| 010 |
_a978-5-87953-502-0 _9100 |
||
| 021 |
_aRU _bКН-П-19-012638 _9КН-П-19-0938 |
||
| 035 | _a(NLR Aleph) 011966795 | ||
| 035 | _a(RuMoRGB)009900173 | ||
| 090 |
_a11234910 _c11234910 |
||
| 100 | _a20190321d2018 u y0rusy50 ca | ||
| 101 | 0 | _arus | |
| 102 | _aRU | ||
| 105 | _ay z 000ay | ||
| 200 | 0 |
_a2018, вып. 13 _e[сборник произведений участников конкурса "Быть там, где нужны опыт, участие и бескорыстие человека" и членов литературного объединения "Марьинская муза" Управы района Марьино города Москвы] _fЛитературное объединение "Марьинская муза" |
|
| 210 |
_aМосква _cНародное образование _d2018 |
||
| 215 | _a270, [1] с. | ||
| 327 | 0 | _aСодерж.: авт.: Елизавета Коздоба, Владимир Шаповал, Михаил Баклашов, Гертруда Арутюнова, Любовь Запекина, Владимир Шилин, Светлана Корчагина, Татьяна Корзо, Ирина Косилова, Александр Кочетков [и др.] | |
| 461 | 0 |
_1001RU\NLR\bibl\1300403 _12001#$aМарьинская муза$eсборник произведений участников литературного объединения "Марьинская муза" Управы района Марьино города Москвы$v2018, вып. 13 _9529077 _cМосква _d2007 _nОбщество дружбы и развития сотрудничества с зарубежными странами _oсборник произведений участников литературного объединения "Марьинская муза" Управы района Марьино города Москвы _tМарьинская муза _v2018, вып. 13 |
|
| 711 | 1 | 2 |
_a"Быть там, где нужны опыт, участие и бескорыстие человека", литературный конкурс _eМосква _f2018 _9656828 _3RU\NLR\AUTH\880498524 |
| 852 |
_aNLR _j2008-3/23176 |
||
| 942 | _cBOOK | ||
| 980 | _aNB | ||